000 00778nam a2200253Ia 4500
003 OSt
005 20220923223131.0
006 a|||||r|||| 00| 0
007 ta
008 220922b |||||||| |||| 00| 0 hin d
024 _a211,272
037 _cTextual
040 _aARTS
_cARTS
_bhin
041 _2hin
_ahin
082 _aO152,3N3612x, L1
100 _aगुप्ता, सुकीति
245 0 _aदायरे
246 _aDāyare
260 _aकलकत्ता
_b सुकृति पब्लिकेशनस
_c1971
300 _a132पृ.
_ccm.
650 _aहिन्दी साहित्य
_9156264
942 _hO152,3N3612x, L1
_cTEXL
_2CC
999 _c361551
_d361551